Leader xxxxxxxxxx
001 __ 102598/8/01
005 __ 20190417142328.087
010 0_ |a9789869654975|b平裝|d新臺幣350元
100 __ |a20190417d2019 a y0chiy50 b
101 1_ |achi|ceng
102 __ |atw
105 __ |ay z 000yy
200 1_ |a等星星發亮的男孩|dBeing Billy|f菲力.厄爾(Phil Earle)著|g李斯毅譯
205 __ |a初版
210 __ |a臺北市|c小麥田出版|c家庭傳媒城邦分公司發行|d2019[民108]
215 0_ |a302面|d21公分
225 12 |a故事館|v57
300 __ |a譯自: Being Billy
527 11 |aBeing Billy|zeng
510 1_ |aBeing Billy|zeng
700 _1 |a厄爾|c(Earle, Phil)|4著
702 _1 |a李|b斯毅|4譯
702 _1 |aEarle|bPhil
681 __ |a873.59|b853
801 _0 |atw|bLibDipper|c20190417|gCCR
|